Associez la personnalité historique à l'animal - Statistiques

Statistiques générales
  • Ce quiz a été pris 171 fois
  • Le résultat moyen est 6 sur 12
Statistiques - réponses
Hint Explanation Réponse % Correct
René Lacoste Logo de sa marque Crocodile
91%
Hannibal A traversé les Alpes pour combattre Rome avec ces animaux Éléphant
67%
Cléopâtre Est décédée selon la légende du venin de l'un d'eux Serpent
63%
Bernard Hinault Surnom Blaireau
54%
François Ier Symbole du roi en question Salamandre
50%
Alain Delon Acteur principal d'un film portant le nom de cet animal Guépard
48%
Eugène Ionesco Nom d'une de ses pièces de théâtre les plus connues Rhinocéros
47%
Franz Schubert Nom d'une œuvre composée par lui Truite
44%
Henri IV Célèbre pour fortement apprécier la poule au pot Poule
32%
Charles Darwin A développé ses théories à partir de ces animaux Pinson
27%
Simone de Beauvoir Surnom Castor
24%
Louis XII Symbole du roi en question Porc-épic
24%
Aucun quiz correspondant
Distribution des résultats
% des personnes avec chaque résultat
Percentile par nombre de réponses
Votre historique - résultats
Vous n’avez pas pris ce quiz